UT UNUM SINT RIVISTA DEGLI APOSTOLI DELLA UNITÀ CRISTIANA. GENNAIO-DICEMBRE 1966. (Record n. 324465)

Dettagli MARC
000 -LEADER
fixed length control field 01730nas a2200277Ia 4500
001 - CONTROL NUMBER
control field R262-R5925
003 - CONTROL NUMBER IDENTIFIER
control field IT-CnALBA
008 - FIXED-LENGTH DATA ELEMENTS--GENERAL INFORMATION
fixed length control field 170116c99999999xx |||||||||||| ||und||
040 ## - CATALOGING SOURCE
Original cataloging agency IT-CnALBA
Transcribing agency IT-CnALBA
041 ## - LANGUAGE CODE
Language code of text/sound track or separate title ITALIANO
999 ## - SYSTEM CONTROL NUMBERS (KOHA)
Koha Dewey Subclass [OBSOLETE] NO
100 ## - MAIN ENTRY--PERSONAL NAME
Personal name BALLA MAESTRA IGNAZIA
210 ## - ABBREVIATED TITLE
Abbreviated title UT UNUM SINT
222 ## - KEY TITLE
Key title UT UNUM SINT
245 #0 - TITLE STATEMENT
Title UT UNUM SINT RIVISTA DEGLI APOSTOLI DELLA UNITÀ CRISTIANA. GENNAIO-DICEMBRE 1966.
250 ## - EDITION STATEMENT
Edition statement 1a ed.
260 ## - PUBLICATION, DISTRIBUTION, ETC. (IMPRINT)
Place of publication, distribution, etc. ROMA
Name of publisher, distributor, etc. CENTRO UT UNUM SINT
Date of publication, distribution, etc. 1966 [1° Ed.:1966 - Ed.Ling.Originale: 1966]
300 ## - PHYSICAL DESCRIPTION
Extent 288 p.
310 ## - CURRENT PUBLICATION FREQUENCY
Current publication frequency BIMESTRALE
362 ## - DATES OF PUBLICATION AND/OR SEQUENTIAL DESIGNATION
Dates of publication and/or sequential designation Fascicolo: 1-6 / Anno: 5 (1966)
500 ## - GENERAL NOTE
General note IL DIALOGO CON I NON CRISTIANI. SEPARAZIONE COME IMPOSSIBILITÀ. ROMA E BISANZIO VERSO LA RICONCILIAZIONE. TESTI UFFICIALI DEL GRANDE ATTO ECUMENICO. I LAICI NELLA CHIESA, UNA E DIVERSA, DE ROSA G. IL PADRE NOSTRO NELL'UNITÀ CRISTIANA. LA SETTIMANA DELL'UNITÀ. APOSTOLI DELL'UNITÀ, AGOSTINO BEA, SSILVI AL APPUNTAMENTO CON I MALATI, SCHREIL EL. LA LIBERTÀ NEL CONCILIO. ESPERIENZA DI UNA LUTERANA NEL RAPPOERTO CON LA CHIESA CATTOLICA.
501 ## - WITH NOTE
With note Società San Paolo EM - Piazza San Paolo, 14 - 12051 ALBA (CN) (non commercial uses only) ® Copyright 2017
520 ## - SUMMARY, ETC.
Summary, etc. IL DIALOGO CON I NON CRISTIANI. SEPARAZIONE COME IMPOSSIBILITÀ. ROMA E BISANZIO VERSO LA RICONCILIAZIONE. TESTI UFFICIALI DEL GRANDE ATTO ECUMENICO. I LAICI NELLA CHIESA, UNA E DIVERSA, DE ROSA G. IL PADRE NOSTRO NELL'UNITÀ CRISTIANA. LA SETTIMANA DELL'UNITÀ. APOSTOLI DELL'UNITÀ, AGOSTINO BEA, SSILVI AL APPUNTAMENTO CON I MALATI, SCHREIL EL. LA LIBERTÀ NEL CONCILIO. ESPERIENZA DI UNA LUTERANA NEL RAPPOERTO CON LA CHIESA CATTOLICA.
650 ## - SUBJECT ADDED ENTRY--TOPICAL TERM
Topical term or geographic name as entry element ECCLESIOLOGIA
942 ## - ADDED ENTRY ELEMENTS (KOHA)
Koha item type RIVISTA
957 ## -
-- 1
999 ## - SYSTEM CONTROL NUMBERS (KOHA)
-- 1
Dati di copia
Withdrawn status Lost status Damaged status Not for loan Home library Current library Date acquired Total Checkouts Full call number Date last seen Price effective from Koha item type Public note
    Buone Condizioni Not For Loan ALBA - Biblioteca ALBA - Biblioteca 16/01/2017   R262-R5925 16/01/2017 16/01/2017 RIVISTA (data import: 16 gennaio 2017) - By Epidotti, Vaglietti.
CREDITS: SOCIETA' SAN PAOLO Via A.Severo, 58 - ROMA (RM) & PERIODICI SAN PAOLO SRL Via Giotto, 36 MILANO & CISF Via Giotto, 36 MILANO & EDIZIONI SAN PAOLO SRL,  Piazza Soncino, 5 CINISELLO BALSAMO (MI) -- ITALY